000 00283nam a2200121Ia 4500
008 190216s9999||||xx |||||||||||||| ||und||
100 _aNull
245 0 _aHindi-Vyavaharik Uthi Hindi Shabdakosh
260 _bPoorna Pubs Kozhikode
300 _a277
650 _aHindi
942 _cBK
999 _c15936
_d15936